| 000 | 00715nam a2200193Ia 4500 | ||
|---|---|---|---|
| 008 | 0000002008 usad 0000000000eng00 | ||
| 090 | _aPSP00 V14m2 | ||
| 100 | 1 |
_aValdés, Manolo _d1942 |
|
| 245 | 1 | 0 |
_aManolo Valdés _b: sculpture and painting |
| 300 |
_a40 p. _c/ 29 cm. |
||
| 500 | _aExposición realizada en Marlborough Chelsea, New York, Febrero 7 Marzo 8, 2008 \ Registro auspiciado por la FGAA. Bogotá | ||
| 600 | 0 | 0 |
_aVALDES, MANOLO, 1942/ _xTRABAJOS ARTISTICOS |
| 650 | 1 | 4 | _aARTE CONTEMPORANEO ESPAÑOL |
| 650 | 1 | 4 | _aARTISTAS PLASTICOS ESPAÑOLES |
| 650 | 1 | 4 | _xCATALOGOS |
| 650 | 1 | 4 | _aESCULTURA ESPAÑOLA |
| 650 | 1 | 4 | _xEXPOSICIONES |
| 999 |
_c9351 _d9351 |
||
| 260 |
_aNew York : Marlborough Chelsea _c2008 |
||